header

FileMaker Pro 9 bible (Record no. 62830)

MARC details
000 -LEADER
fixed length control field 01190nam a2200301Ia 4500
100 1# - MAIN ENTRY--AUTHOR NAME
Personal name Cologon, Raymond Joseph.
245 10 - TITLE STATEMENT
Title FileMaker Pro 9 bible
260 ## - PUBLICATION, DISTRIBUTION, ETC. (IMPRINT)
Place of publication Indianapolis, IN :
Name of publisher Wiley ;
Place of publication Chichester :
Name of publisher John Wiley [distributor],
Year of publication 2008.
300 ## - PHYSICAL DESCRIPTION
Number of Pages xxxii, 735 p. :
Other physical details ill.
650 #0 - SUBJECT ADDED ENTRY--TOPICAL TERM
Topical Term Database management.
700 1# - ADDED ENTRY--PERSONAL NAME
Personal name Cohen, Dennis R.
856 40 - ELECTRONIC LOCATION AND ACCESS
Uniform Resource Identifier http://site.ebrary.com/lib/rucke/Doc?id=10313686

No items available.

© 2026 Rongo University
Contact us: librarian | system librarian | Rongo university